Olympic Cities to US Presidents - Hard - Statistics

General Stats
  • This quiz has been taken 7 times
  • The average score is 7 of 15
Answer Stats
Hint Explanation Answer % Correct
Tokyo 1964 Lyndon B. Johnson
83%
Helsinki 1952 Dwight D. Eisenhower
67%
St. Louis 1904 Theodore Roosevelt
67%
Athens 1896 William McKinley
67%
Melbourne 1956 Dwight D. Eisenhower
50%
Berlin 1936 Franklin D. Roosevelt
50%
Rome 1960 John F. Kennedy
50%
Antwerp 1920 Warren G. Harding
50%
Stockholm 1912 Woodrow Wilson
50%
Paris 1924 Calvin Coolidge
33%
Los Angeles 1932 Franklin D. Roosevelt
33%
London 1908 William Howard Taft
33%
Paris 1900 William McKinley
33%
London 1948 Harry S Truman
17%
Amsterdam 1928 Herbert Hoover
0%
No matching quizzes found
Score Distribution
Percent of People with Each Score
Percentile by Number Answered
Your Score History
You have not taken this quiz